000 00712nam a2200289Ia 4500
005 20260324135141.0
008 008 260324s9999 xx 000 0 eng d
020 _a9781315865201
037 _aEBOOK
040 _aCRL
040 _beng
040 _cCRL
041 _2eng
041 _aeng
084 _qCRL
100 _aEllen Cole; Susan Steinberg Oren; Rachel J Siegel
_91199524
245 0 _aJewish Mothers Tell Their Stories
245 0 _bActs of Love and Courage
260 _bTaylor and Francis
260 _c2000
365 _a
365 _b145
856 _uhttp://www.taylorfrancis.com/books/9781315865201
942 _cEBOOK
999 _c1800298
_d1800298